000 00502nam a2200193Ia 4500
003 OSt
005 20250915160838.0
008 210210b1984 xxu||||| |||| 00| 0 eng d
040 _cAL
041 _aKannada
082 _aK894.3 JAYR
100 _aJAYASHRI (M R)
_dಜಯಶ್ರೀ (ಎಂ ಆರ್)
_9238675
245 _aRanjita
_bರಂಜಿತ
260 _aMaisuru
_bDavanam Prakashana
_c1984
300 _a232
690 _aKannada Fiction
_9238676
906 _aSG02029
942 _2ddc
_cSG
999 _c113256
_d113256